Statistics for Top 10 Most Popular Music Genres

Click here to take the quiz!

General Stats

  • This quiz has been taken 26 times
  • The average score is 4 of 10

Answer Stats

Percentage Genre % Correct
12.01%Hip Hop/Rap
92%
6.54%Country
76%
4.72%Electro
56%
10.00%R&B
44%
7.45%House
36%
8.82%Punk
32%
7.82%Alternative Rock
28%
5.19%Indie Rock
28%
10.38%Techno
24%
3.77%Latin
4%

Score Distribution

Percentile by Number Answered

Percent of People with Each Score

Your Score History

You have not taken this quiz